| 000 | 00303 a2200121 4500 | ||
|---|---|---|---|
| 001 | 86753 | ||
| 082 | _a362.76 ROZ | ||
| 090 |
_c40848 _d40848 |
||
| 100 | _aRozan | ||
| 245 |
_aKhamoshi Ko Toray Tinku, Tina Kay Saath (Only CD ) _hUrdu |
||
| 260 |
_aIslamabad _bRozan Organization _c2010 |
||
| 500 | _aCD | ||
| 942 |
_aCAE NUST _k362.76 ROZ |
||
| 999 |
_c321826 _d321826 |
||